[Event "CZE-ch Betsys Online Blitz"]
[Site "Chess.com INT"]
[Date "2021.04.17"]
[Round "12"]
[White "Ocelak, Jakub"]
[Black "Cechura, Petr"]
[Result "1-0"]
[WhiteElo "2043"]
[BlackElo "2192"]
[PlyCount "65"]
[EventDate "2021.04.17"]
[EventType "swiss (blitz)"]
[EventRounds "13"]
[EventCountry "CZE"]
[SourceTitle "CBM 201 Extra"]
[Source "ChessBase"]
[SourceDate "2021.05.31"]
[SourceVersion "1"]
[SourceVersionDate "2021.05.31"]
[SourceQuality "1"]

1. b3 e5 2. Bb2 d6 3. e3 Nd7 4. c4 Ngf6 5. Nc3 g6 6. Be2 Bg7 7. h4 h5 8. Nh3 0-0 9. Ng5 Nc5 10. Qc2 Ne6 11. 0-0-0 c6 12. Bf3 Nxg5 13. hxg5 Nh7 14. Ne4 d5 15. Nf6+ Nxf6 16. gxf6 Bxf6 17. Bxh5 gxh5 18. Rxh5 e4 19. Rdh1 Bg4 20. Rh8+ Kg7 21. R8h7+ Kg8 22. Rh8+ Kg7 23. R1h7+ Kg6 24. Rh6+ Kg7 25. Bxf6+ Qxf6 26. Rxf6 Rxh8 27. Qc3 Kg8 28. f3 exf3 29. gxf3 Bh5 30. Kb2 Bg6 31. Rf4 Rh1 32. Rg4 Kh7 33. f4 1-0

[Event "CZE-chT1E 1920"]
[Site "Czech Republic"]
[Date "2019.11.24"]
[Round "3.3"]
[White "Cechura, Petr"]
[Black "Szotkowski, Jakub"]
[Result "1/2-1/2"]
[WhiteElo "2214"]
[BlackElo "2388"]
[PlyCount "83"]
[EventDate "2019.10.20"]
[EventType "team-tourn"]
[EventRounds "11"]
[EventCountry "CZE"]
[SourceTitle "CBM 193 Extra"]
[Source "ChessBase"]
[SourceDate "2020.01.31"]
[SourceVersion "1"]
[SourceVersionDate "2020.01.31"]
[SourceQuality "1"]
[WhiteTeam "Rychnov nad Kneznou"]
[BlackTeam "Trinec"]
[WhiteTeamCountry "CZE"]
[BlackTeamCountry "CZE"]

1. e4 c6 2. d3 d5 3. Nd2 e5 4. Ngf3 Bd6 5. g3 Nf6 6. Bg2 0-0 7. 0-0 Re8 8. Re1 h6 9. c3 Nbd7 10. Qc2 Qc7 11. Nf1 b6 12. h4 Ba6 13. N1h2 Bxd3 14. Qxd3 dxe4 15. Qc2 exf3 16. Nxf3 Rad8 17. Nd2 Bf8 18. Ne4 Nxe4 19. Qxe4 Re6 20. Qe2 Nf6 21. a3 b5 22. c4 Bc5 23. Be3 Bxe3 24. Qxe3 bxc4 25. Rac1 Rd4 26. Qe2 Qa5 27. Rc2 e4 28. Rec1 e3 29. fxe3 Rd3 30. Rxc4 Rdxe3 31. Qf2 Re1+ 32. Rxe1 Rxe1+ 33. Bf1 Qe5 34. Rxc6 Ng4 35. Qf4 Qxf4 36. gxf4 Rb1 37. Rc3 f5 38. b4 Kh7 39. Kg2 Rb2+ 40. Kg3 h5 41. Bd3 g6 42. b5 1/2-1/2

[Event "CZE-chT2D 1920"]
[Site "Czech Republic"]
[Date "2019.11.03"]
[Round "2.2"]
[White "Gloser, David"]
[Black "Cechura, Petr"]
[Result "1/2-1/2"]
[WhiteElo "1998"]
[BlackElo "2214"]
[PlyCount "60"]
[EventDate "2019.10.13"]
[EventType "team-tourn"]
[EventRounds "11"]
[EventCountry "CZE"]
[SourceTitle "EXT 2024"]
[Source "ChessBase"]
[SourceDate "2023.10.10"]
[SourceVersion "1"]
[SourceVersionDate "2023.10.10"]
[SourceQuality "1"]
[WhiteTeam "Lipa"]
[BlackTeam "Nachod Snezka"]
[WhiteTeamCountry "CZE"]
[BlackTeamCountry "CZE"]

1. f4 Nf6 2. Nf3 g6 3. b3 Bg7 4. Bb2 0-0 5. e3 d6 6. Bc4 c6 7. 0-0 b5 8. Be2 Bb7 9. Qe1 Nbd7 10. Ng5 h6 11. Nh3 e6 12. Nc3 b4 13. Nd1 c5 14. a4 d5 15. d3 Rc8 16. g4 a5 17. Rb1 Nb6 18. g5 hxg5 19. Nxg5 Nh7 20. Qh4 Nxg5 21. fxg5 d4 22. e4 f5 23. gxf6 Rxf6 24. Nf2 Nd7 25. Bc1 Rf8 26. Qg3 Qe8 27. Ng4 Rxf1+ 28. Bxf1 c4 29. bxc4 Rc5 30. Bf4 e5 1/2-1/2

[Event "CZE-chT2D 1718"]
[Site "Czech Republic"]
[Date "2018.01.28"]
[Round "7.3"]
[White "Cechura, Petr"]
[Black "Walek, Petr"]
[Result "0-1"]
[WhiteElo "2172"]
[BlackElo "2167"]
[PlyCount "114"]
[EventDate "2017.10.15"]
[EventType "team-tourn"]
[EventRounds "11"]
[EventCountry "CZE"]
[SourceTitle "EXT 2022"]
[Source "ChessBase"]
[SourceDate "2021.10.06"]
[SourceVersion "1"]
[SourceVersionDate "2021.10.06"]
[SourceQuality "1"]
[WhiteTeam "Nachod"]
[BlackTeam "Namest nad Oslavou"]
[WhiteTeamCountry "CZE"]
[BlackTeamCountry "CZE"]

1. e4 e5 2. Nf3 Nf6 3. d4 Nxe4 4. Bd3 d5 5. dxe5 Nc6 6. Bxe4 dxe4 7. Qxd8+ Nxd8 8. Ng5 Bf5 9. Nd2 e3 10. fxe3 Bxc2 11. 0-0 Bc5 12. Nde4 Bb6 13. Nc3 h6 14. Nf3 Nc6 15. Nd5 0-0 16. Nxb6 axb6 17. Nd4 Bd3 18. Nxc6 bxc6 19. Rd1 Bc4 20. a3 Ra5 21. Rd4 Be6 22. e4 c5 23. Rd1 Ra4 24. Bd2 Bb3 25. Re1 Rd8 26. Bc3 Bc2 27. Re3 Rxe4 28. Rxe4 Bxe4 29. Re1 Bf5 30. Re2 Rd1+ 31. Re1 Rd3 32. Re2 Bg4 33. Rd2 Re3 34. Kf2 Re4 35. h3 Be6 36. Rd8+ Kh7 37. Rb8 Bd5 38. g3 h5 39. Rc8 c6 40. Rc7 Kg6 41. Rb7 b5 42. Rb6 h4 43. gxh4 Rxh4 44. Kg3 Re4 45. Rb8 Re3+ 46. Kh2 Re2+ 47. Kg3 Kf5 48. h4 Rg2+ 49. Kh3 Kf4 50. e6 Kf3 51. h5 Bxe6+ 52. Kh4 f6 53. Be5 fxe5 54. Rf8+ Ke4 55. h6 gxh6 56. Rf6 Bf5 57. b4 Kf4 0-1

[Event "CZE-chT2D 1718"]
[Site "Czech Republic"]
[Date "2018.01.14"]
[Round "6.3"]
[White "Bukacek, Lubomir"]
[Black "Cechura, Petr"]
[Result "1-0"]
[WhiteElo "2087"]
[BlackElo "2172"]
[PlyCount "83"]
[EventDate "2017.10.15"]
[EventType "team-tourn"]
[EventRounds "11"]
[EventCountry "CZE"]
[SourceTitle "EXT 2022"]
[Source "ChessBase"]
[SourceDate "2021.10.06"]
[SourceVersion "1"]
[SourceVersionDate "2021.10.06"]
[SourceQuality "1"]
[WhiteTeam "Zdar nad Sazavou"]
[BlackTeam "Nachod"]
[WhiteTeamCountry "CZE"]
[BlackTeamCountry "CZE"]

1. e4 c5 2. Nf3 a6 3. c4 b6 4. d4 cxd4 5. Nxd4 Bb7 6. Nc3 d6 7. Be2 Nf6 8. f3 g6 9. Be3 Bg7 10. Qd2 0-0 11. g4 Nc6 12. Nxc6 Bxc6 13. Bh6 Rb8 14. h4 b5 15. Bxg7 Kxg7 16. h5 b4 17. Nd5 Bxd5 18. exd5 Qa5 19. Bd3 Rh8 20. h6+ Kf8 21. 0-0 Ke8 22. Rfe1 Kd7 23. Qf4 Rhf8 24. g5 Nh5 25. Qe4 Rbe8 26. c5 Qxc5+ 27. Kg2 e6 28. Bxa6 exd5 29. Qg4+ Re6 30. Bd3 Rc8 31. Re2 Ke7 32. Rae1 Re5 33. Rxe5+ dxe5 34. Rxe5+ Kf8 35. f4 Re8 36. Rxe8+ Kxe8 37. Qe2+ Kd8 38. Qe5 Qc7 39. Kf3 Qd7 40. Qb8+ Qc8 41. Qxc8+ Kxc8 42. a3 1-0

[Event "CZE-chT2D 1213"]
[Site "Czech Republic"]
[Date "2012.12.02"]
[Round "4.2"]
[White "Cechura, Petr"]
[Black "Mojzis, Jaroslav"]
[Result "0-1"]
[WhiteElo "2201"]
[BlackElo "2163"]
[PlyCount "54"]
[EventDate "2012.10.14"]
[EventType "team-tourn"]
[EventRounds "11"]
[EventCountry "CZE"]
[SourceTitle "EXT 2016"]
[Source "ChessBase"]
[SourceDate "2015.10.08"]
[SourceVersion "1"]
[SourceVersionDate "2015.10.08"]
[SourceQuality "1"]
[WhiteTeam "Nachod"]
[BlackTeam "Polabiny III"]
[WhiteTeamCountry "CZE"]
[BlackTeamCountry "CZE"]

1. e4 c5 2. Nf3 Nf6 3. Nc3 Nc6 4. e5 Ng4 5. Qe2 f6 6. exf6 Nxf6 7. g3 d6 8. Bg2 Bg4 9. Qb5 a6 10. Qa4 b5 11. Qf4 e5 12. Qg5 Nb4 13. 0-0 Nxc2 14. Rb1 Be7 15. Nd5 Bxf3 16. Qxg7 Bxg2 17. Qxh8+ Kf7 18. Qxd8 Bxd8 19. Kxg2 Nxd5 20. a3 b4 21. d3 a5 22. h4 a4 23. axb4 cxb4 24. Rd1 a3 25. bxa3 Nc3 26. Rb2 Nxd1 27. Rxc2 bxa3 0-1

[Event "CZE-chT2D 1112"]
[Site "Czech Republic"]
[Date "2011.11.20"]
[Round "3"]
[White "Cechura, Petr"]
[Black "Buchnicek, Petr"]
[Result "1/2-1/2"]
[WhiteElo "2217"]
[BlackElo "2330"]
[PlyCount "96"]
[EventDate "2011.10.09"]
[EventType "team-tourn"]
[EventRounds "11"]
[EventCountry "CZE"]
[SourceTitle "EXT 2013"]
[Source "ChessBase"]
[SourceDate "2012.11.22"]
[SourceVersion "1"]
[SourceVersionDate "2012.11.22"]
[SourceQuality "1"]
[WhiteTeam "Rychnov nad Kneznou"]
[BlackTeam "Trebic Caissa"]
[WhiteTeamCountry "CZE"]
[BlackTeamCountry "CZE"]

1. e4 c6 2. Nc3 d5 3. Nf3 Bg4 4. h3 Bxf3 5. Qxf3 e6 6. d4 Nf6 7. Bg5 Be7 8. 0-0-0 h6 9. Bh4 dxe4 10. Nxe4 Nxe4 11. Bxe7 Qxe7 12. Qxe4 Qg5+ 13. f4 Qd5 14. Qxd5 cxd5 15. Bd3 Nc6 16. c3 Ke7 17. g4 g5 18. Rdf1 f6 19. h4 Rag8 20. fxg5 fxg5 21. Kd2 Nd8 22. h5 Rf8 23. b3 Rxf1 24. Rxf1 Rf8 25. Rxf8 Kxf8 26. c4 Ke7 27. Kc3 Nc6 28. Be2 Nb8 29. Bf3 Kd6 30. c5+ Kc6 31. b4 b5 32. Be2 Nd7 33. a4 a6 34. Bd1 Nf6 35. axb5+ axb5 36. Bf3 Ne8 37. Be2 Nc7 38. Kd3 Kd7 39. Kc3 Ke7 40. Kd3 Kf6 41. Kc3 e5 42. Bf1 Ke6 43. Be2 e4 44. Kd2 Kd7 45. Bf1 Kc6 46. Be2 Ne6 47. Ke3 Nf4 48. Bf1 Ne6 1/2-1/2

[Event "CZE-chT2C 1011"]
[Site "Czech Republic"]
[Date "2011.04.10"]
[Round "11.2"]
[White "Braun, Marek"]
[Black "Cechura, Petr"]
[Result "1/2-1/2"]
[WhiteElo "2153"]
[BlackElo "2268"]
[PlyCount "26"]
[EventDate "2010.10.17"]
[EventType "team-tourn"]
[EventRounds "11"]
[EventCountry "CZE"]
[SourceTitle "EXT 2012"]
[Source "ChessBase"]
[SourceDate "2011.11.24"]
[SourceVersion "1"]
[SourceVersionDate "2011.11.24"]
[SourceQuality "1"]
[WhiteTeam "Liberec"]
[BlackTeam "Kutna Hora"]
[WhiteTeamCountry "CZE"]
[BlackTeamCountry "CZE"]

1. e4 c5 2. Nf3 d6 3. b3 Nf6 4. Nc3 e6 5. Bb2 a6 6. d4 cxd4 7. Nxd4 Be7 8. Bd3 b5 9. 0-0 Bb7 10. Qe2 0-0 11. a4 b4 12. Na2 Qb6 13. Qe3 Nbd7 1/2-1/2